Instituciones participativas en Sudamérica : ¿del optimismo al ocaso? /

Bibliographic Details
Main Author: Vásquez González, Lorena (Author)
Format: Electronic eBook
Language:Spanish
Published: Bogotá : Editorial UTADEO, [2020]
Edition:Primera edición.
Subjects:
Online Access:Digitalia Hispánica

MARC

LEADER 00000nam a2200000Ii 4500
001 DIGEJTLOZ216
003 NyNyDIG
006 m o d
007 cr |||||||||||
008 250204s2020 ck a ob 000 0 spa d
035 |a (OCoLC)1500526988 
040 |a DGITA  |b eng  |e rda  |e pn  |c DGITA 
020 |a 9789587252958  |q (ePub) 
020 |a 9789587252941  |q (digital) 
020 |z 9789587252934  |q (impreso) 
024 7 |a https://doi.org/10.21789/9789587252934  |2 doi 
043 |a s-ck---  |a s-ag---  |a s-bo---  |a s-bl--- 
050 1 4 |a JL1866 ebook 
245 0 0 |a Instituciones participativas en Sudamérica :  |b ¿del optimismo al ocaso? /  |c Lorena Vásquez González [and 7 others]. 
250 |a Primera edición. 
264 1 |a Bogotá :  |b Editorial UTADEO,  |c [2020] 
300 |a 1 online resource :  |b illustrations. 
336 |a text  |b txt  |2 rdacontent 
337 |a computer  |b c  |2 rdamedia 
338 |a online resource  |b cr  |2 rdacarrier 
347 |a text file  |2 rdaft 
347 |b PDF  
504 |a Includes bibliographical references. 
588 0 |a Online resource; title from PDF title page (Digitalia, viewed February 4, 2025) 
650 0 |a Political participation  |z Colombia  |z Bogotá. 
650 0 |a Political participation  |z Argentina  |z Buenos Aires. 
650 0 |a Political participation  |z Bolivia  |z La Paz. 
650 0 |a Political participation  |z Brazil  |z São Paulo. 
700 1 |a Vásquez González, Lorena,  |e author. 
791 2 |a Digitalia (Firm),  |e distributor. 
793 0 |g Digitalia eBook Collection:  |a Editorial Jorge Tadeo Lozano 
776 0 8 |i Print version:  |t Instituciones participativas en Sudamérica.  |b Primera edición.  |d Bogotá : Editorial UTADEO, [2020]  |z 9789587252934 
856 4 0 |3 Digitalia Hispánica  |u https://www.digitaliapublishing.com/a/170601/ 
910 |a Premium collection: 2025